| 000 | 00643nam a2200181 a 4500 | ||
|---|---|---|---|
| 008 | 120209s2007 ||||||||||||||||| || u | ||
| 020 | _a0495015776 | ||
| 050 | _aQB 43.2 See | ||
| 100 | _aSeeds, Michael A | ||
| 245 | 1 | 0 |
_aAstronomy: the solar system and beyond. -- 5th ed. _cMichael A. Seeds |
| 250 | _a5th ed. | ||
| 260 |
_aBelmont, CA _bThomson Brooks/Cole _c2007 |
||
| 300 | _axv, 553p.: ill. | ||
| 350 | _a0.00 | ||
| 650 | _aASTRONOMY | ||
| 650 | _aASTROPHYSICS | ||
| 995 |
_D0.00 _FCBU-MAIN LIBRARY (Kitwe) _H1 _I0.00 _M1 _UAVAILABLE _WApr 3, 2012 _ZMain Library Open Access Collection |
||
| 999 |
_c35208 _d35208 |
||